000 00887nam0a22002291 4500
001 rc\4726972
005 20250612013050.0
035 _a(NLR Aleph) 008445138
090 _a9503003
_c9503003
100 _a20130416a19659999|||y0rusy50 ca
101 0 _arus
_aeng
_ager
_afre
102 _aRU
105 _ay z |||||
200 1 _aСоветское финно-угроведение
_fАкад. наук Эстонской ССР
210 _aТаллин
_cБ. и.
_d1965-
300 _aЗагл. и текст на рус., англ., нем. и фр. яз.
801 0 _aRU
_bNLR
_gpsbo
801 1 _aRU
_bELAR
_2rusmarc
830 _aПеречень имеющихся в библиотеке томов, номеров, годов этого издания смотри в каталоге периодических изданий
852 _aNLR
_jП35/455
942 _cBOOK
980 _aNB